Understanding post-war British society
Αποθηκεύτηκε σε:
| Άλλοι συγγραφείς: | , |
|---|---|
| Μορφή: | Βιβλίο |
| Γλώσσα: | English |
| Δημοσίευση: |
London :
Routledge,
c1994
|
| Θέματα: | |
| Ετικέτες: |
Προσθήκη ετικέτας
Δεν υπάρχουν, Καταχωρήστε ετικέτα πρώτοι!
|
MARC
| LEADER | 00000nam a2200000 i 4500 | ||
|---|---|---|---|
| 001 | 1/92550 | ||
| 008 | 991115s1994 eng d | ||
| 020 | |a 0-415-10940-X | ||
| 035 | |l 10054090 | ||
| 040 | |a GR-MY-UA |b gre |e aacr | ||
| 041 | 0 | |a eng | |
| 082 | 0 | |a 306.0941 | |
| 245 | 1 | 0 | |a Understanding post-war British society / |c edited by James Obelkevich and Peter Catterall |
| 260 | |a London : |b Routledge, |c c1994 | ||
| 300 | |a 213 p. | ||
| 504 | |a Includes bibliographical references and index | ||
| 651 | 0 | |a Great Britain |x Social conditions |y 1945- | |
| 700 | 1 | |a Obelkevich, Jim. |4 edt | |
| 700 | 1 | |a Catterall, Peter |d 1961- |4 edt | |
| 852 | |a INST |b LESVOS |e 19991115 |h 306.0941 UND |p 005100022635 |q 005100022635 |t BK |y 0 | ||
| 901 | |a BIBL1-1999-3 | ||
| 909 | |a Λ |b 066799 | ||
| 922 | |a 1ΕΛΗ |b 199907 |c ΚΠΣ/ΤΚ |d ΠΑΠΑΣΩΤΗΡΙΟΥ | ||
| 950 | |a 103-1998-07-27 | ||
| 970 | |a ΤΖΑΦΕΡΗ |b ΕΥΑΓΓΕΛΙΑ |z 1999/12/02 | ||